000
00287nam a22001337a 4500
008
181106b xxu||||| |||| 00| 0 eng d
020
_a
9780609603239
041
_a
eng
080
_a
610
100
_a
4
101
_a
SHM
245
_a
The Prostate Cure
_c
Preuss,H.G
942
_2
udc
_c
BK
999
_c
52003
_d
52003